000 00654nam a2200229 a 4500
005 20210219153456.0
008 991125n 000 0 u
035 _aUPN01000101864
100 _aHannafin, Robert D.
222 0 _aEDUCATIONAL TECHNOLOGY
245 0 _aTechnology in the classroom : the techer's new role and resistance to it
300 _a26-31
362 _a33, No. 6, 1993
505 _aNoviembre 1993
653 0 _aACTITUD DOCENTE
653 0 _aDISEÑO ASISTIDO POR ORDENADOR
653 0 _aRESISTENCIA AL CAMBIO
653 0 _aROL DEL MAESTRO
700 _aSavenye, Wilhelmina
904 _aAC
_b039675
905 _aArticulo
999 _c77869
_d77869